UM Logo

Control systems/ (Record no. 10457)

MARC details
000 -LEADER
fixed length control field 00506nam a22001697a 4500
008 - FIXED-LENGTH DATA ELEMENTS--GENERAL INFORMATION
fixed length control field 180830b ||||| |||| 00| 0 eng d
020 ## - INTERNATIONAL STANDARD BOOK NUMBER
International Standard Book Number 9789350145845
082 ## - DEWEY DECIMAL CLASSIFICATION NUMBER
Edition number 2017
Classification number DC 629.819
Item number M473
100 ## - MAIN ENTRY--PERSONAL NAME
9 (RLIN) 30706
Personal name Meher, S.P.
245 ## - TITLE STATEMENT
Title Control systems/
Statement of responsibility, etc. S.P. Meher
260 ## - PUBLICATION, DISTRIBUTION, ETC. (IMPRINT)
Place of publication, distribution, etc. New Delhi, India:
Name of publisher, distributor, etc. S.K. Kataria & Sons,
Date of publication, distribution, etc. c2017.
300 ## - PHYSICAL DESCRIPTION
Extent 218 pages:
Other physical details illustrations;
Dimensions 24 cm.
500 ## - GENERAL NOTE
General note Include index.
650 #0 - SUBJECT ADDED ENTRY--TOPICAL TERM
9 (RLIN) 30707
Topical term or geographic name as entry element Automatic control
650 #0 - SUBJECT ADDED ENTRY--TOPICAL TERM
9 (RLIN) 30708
Topical term or geographic name as entry element Control theory
942 ## - ADDED ENTRY ELEMENTS (KOHA)
Source of classification or shelving scheme Dewey Decimal Classification
Koha item type Circulation
Holdings
Withdrawn status Lost status Source of classification or shelving scheme Damaged status Not for loan Collection code Home library Current library Date acquired Source of acquisition Total Checkouts Full call number Barcode Date last seen Cost, replacement price Price effective from Koha item type
    Dewey Decimal Classification     Circulation UM Digos College - LIC UM Digos College - LIC 08/16/2018 Purchased   DC 629.819 M473 2017 25092 05/15/2025 1400.00 08/30/2018 Circulation